Southville International School and Colleges
Your cart is empty.
  • Cart
  • Lists
    Public lists Eva Luna New books Lux_list list_1
    Your lists Log in to create your own lists
  • Log in to your account
  • Your cookies
  • Search history
Southville International School and Colleges
  • Advanced search
  • Recent comments
  • Most popular
  • Libraries

Log in to your account

Log in with GOOGLE


If you do not have an external account, but do have a local account, you can still log in:

  1. Home
  2. MARC view: I can if I want to /
Normal view MARC view ISBD view

I can if I want to / (Record no. 284318)

[ view plain ]
MARC details
000 -LEADER
fixed length control field 00712cam a2200241 i 4500
001 - CONTROL NUMBER
control field 1271369
003 - CONTROL NUMBER IDENTIFIER
control field PILC
005 - DATE AND TIME OF LATEST TRANSACTION
control field 20150522151557.0
008 - FIXED-LENGTH DATA ELEMENTS--GENERAL INFORMATION
fixed length control field 750403s1975 nyu 000 0 eng
010 ## - LIBRARY OF CONGRESS CONTROL NUMBER
LC control number 75011744
040 ## - CATALOGING SOURCE
Original cataloging agency DLC
Transcribing agency DLC
Modifying agency DLC
050 00 - LIBRARY OF CONGRESS CALL NUMBER
Classification number BF 637.S8
Item number .L431 1975
082 00 - DEWEY DECIMAL CLASSIFICATION NUMBER
Classification number 158/.1
100 1# - MAIN ENTRY--PERSONAL NAME
Personal name Lazarus, Arnold A.
245 10 - TITLE STATEMENT
Title I can if I want to /
Statement of responsibility, etc Arnold Lazarus and Allen Fay.
260 ## - PUBLICATION, DISTRIBUTION, ETC. (IMPRINT)
Place of publication, distribution, etc New York :
Name of publisher, distributor, etc Warner Books,
Date of publication, distribution, etc 1975.
300 ## - PHYSICAL DESCRIPTION
Extent 125 pages ;
Dimensions 19 cm.
650 #0 - SUBJECT ADDED ENTRY--TOPICAL TERM
Topical term or geographic name as entry element Success
General subdivision Psychological aspects.
650 #0 - SUBJECT ADDED ENTRY--TOPICAL TERM
Topical term or geographic name as entry element Rational emotive behavior therapy.
700 1# - ADDED ENTRY--PERSONAL NAME
Personal name Fay, Allen,
Relator term joint author.
906 ## - LOCAL DATA ELEMENT F, LDF (RLIN)
a 7
b cbc
c orignew
d 1
e ocip
f 19
g y-gencatlg
942 ## - ADDED ENTRY ELEMENTS (KOHA)
Source of classification or shelving scheme Library of Congress Classification
Koha item type Books
Call number prefix Foreign
Holdings
Withdrawn status Lost status Source of classification or shelving scheme Damaged status Home library Current library Shelving location Date acquired Source of acquisition Total Checkouts Full call number Barcode Date last seen Price effective from Koha item type
    Library of Congress Classification   Archives Archives   05/22/2015 Donation   BF 637.S8 .L431 1975 C19348 05/15/2018 05/22/2015 Books

I can if I want to /

APA

Lazarus A. A., Fay A., . (1975). I can if I want to. New York: Warner Books.

Chicago

Lazarus Arnold A, Fay Allen, . 1975. I can if I want to. New York: Warner Books.

Harvard

Lazarus A. A., Fay A., . (1975). I can if I want to. New York: Warner Books.

MLA

Lazarus Arnold A, Fay Allen, . I can if I want to. New York: Warner Books. 1975.

  • Place hold
  • Print
  • Cite
  • Add to your cart (remove)
  • Save record
    BIBTEX Dublin Core MARCXML MARC (non-Unicode/MARC-8) MARC (Unicode/UTF-8) MARC (Unicode/UTF-8, Standard) MODS (XML) RIS
  • More searches
    Search for this title in:
    Other Libraries (WorldCat) Other Databases (Google Scholar) Online Stores (Bookfinder.com) Open Library (openlibrary.org)

Exporting to Dublin Core...

SOUTHVILLE LIBRARY

Southville International School and Colleges Library

1281 Tropical Ave. Cor. Luxembourg St., BF Homes International, Las Pinas City

Tel. No. 8256374 / 252358 Loc. 117/146

Powered by Koha